[Event "POL-ch Rapid U18"]
[Site "Bydgoszcz"]
[Date "2023.08.30"]
[Round "11"]
[White "Rabiej, Mateusz"]
[Black "Owczarek, Maciej"]
[Result "1/2-1/2"]
[WhiteElo "1452"]
[BlackElo "1065"]
[PlyCount "70"]
[EventDate "2023.08.28"]
[EventType "swiss"]
[EventRounds "11"]
[EventCountry "POL"]
[SourceTitle "EXT 2024"]
[Source "ChessBase"]
[SourceDate "2023.10.10"]
[SourceVersion "1"]
[SourceVersionDate "2023.10.10"]
[SourceQuality "1"]

1. d4 Nf6 2. c4 g6 3. Nc3 Bg7 4. e4 d6 5. Nf3 0-0 6. Be2 e5 7. 0-0 Bg4 8. d5 a5 9. h3 Bd7 10. Be3 Na6 11. Rc1 b6 12. a3 Nc5 13. Qc2 a4 14. Bxc5 bxc5 15. Nd2 Qb8 16. Rb1 Qa7 17. f3 Nh5 18. Bd1 f5 19. Rf2 f4 20. Nf1 Bf6 21. Nb5 Bxb5 22. cxb5 Bh4 23. Rd2 Ng3 24. Nxg3 Bxg3 25. b3 c4+ 26. Kh1 cxb3 27. Qc6 Qb6 28. Qd7 Rad8 29. Qe6+ Kh8 30. Be2 Rde8 31. Qd7 Rd8 32. Qe7 Rde8 33. Qg5 Kg7 34. Rdb2 h6 35. Qg4 Rf7 1/2-1/2

[Event "POL-ch Rapid U18"]
[Site "Bydgoszcz"]
[Date "2023.08.30"]
[Round "8"]
[White "Rabiej, Mateusz"]
[Black "Panasiuk, Stanislaw"]
[Result "1-0"]
[WhiteElo "1452"]
[BlackElo "1317"]
[PlyCount "93"]
[EventDate "2023.08.28"]
[EventType "swiss"]
[EventRounds "11"]
[EventCountry "POL"]
[SourceTitle "EXT 2024"]
[Source "ChessBase"]
[SourceDate "2023.10.10"]
[SourceVersion "1"]
[SourceVersionDate "2023.10.10"]
[SourceQuality "1"]

1. d4 c5 2. d5 d6 3. c4 Nf6 4. Nc3 g6 5. e4 Bg7 6. Nf3 0-0 7. Be2 Na6 8. 0-0 Nc7 9. h3 a6 10. Be3 Rb8 11. a4 Bd7 12. a5 b5 13. axb6 Rxb6 14. Ra2 e6 15. e5 Rb8 16. exf6 Bxf6 17. Qc2 exd5 18. Nxd5 Nxd5 19. cxd5 Bf5 20. Bd3 Bxd3 21. Qxd3 Bxb2 22. Rxa6 Rb4 23. Bd2 Rb7 24. Bc3 Bxc3 25. Qxc3 Qc7 26. Rc6 Qd7 27. Qf6 Rc8 28. Qxd6 Qxd6 29. Rxd6 Rbc7 30. Ne5 c4 31. Rc6 Rxc6 32. Nxc6 Ra8 33. Rc1 Ra4 34. d6 Ra6 35. d7 Rxc6 36. d8Q+ Kg7 37. Qd4+ Kg8 38. Rxc4 Rxc4 39. Qxc4 Kg7 40. Kh2 Kg8 41. Kg3 Kg7 42. Kf4 Kg8 43. Kg5 Kg7 44. Qd4+ f6+ 45. Qxf6+ Kg8 46. Kh6 g5 47. Qg7# 1-0

[Event "POL-ch Rapid U18"]
[Site "Bydgoszcz"]
[Date "2023.08.29"]
[Round "5"]
[White "Czachurski, Ignacy"]
[Black "Rabiej, Mateusz"]
[Result "0-1"]
[WhiteElo "1029"]
[BlackElo "1452"]
[PlyCount "72"]
[EventDate "2023.08.28"]
[EventType "swiss"]
[EventRounds "11"]
[EventCountry "POL"]
[SourceTitle "EXT 2024"]
[Source "ChessBase"]
[SourceDate "2023.10.10"]
[SourceVersion "1"]
[SourceVersionDate "2023.10.10"]
[SourceQuality "1"]

1. e4 c5 2. c3 d5 3. exd5 Qxd5 4. d4 Nc6 5. Nf3 Bg4 6. dxc5 Qxd1+ 7. Kxd1 0-0-0+ 8. Bd2 e5 9. b4 e4 10. h3 Bxf3+ 11. gxf3 exf3 12. Na3 Nf6 13. Kc2 Ne4 14. Be3 g6 15. Bd3 f5 16. Bxe4 fxe4 17. b5 Ne5 18. Bf4 Nd3 19. Bg3 Bxc5 20. Nc4 Nxf2 21. Rh2 Nd3 22. a4 e3 23. a5 e2 24. b6 a6 25. Ne5 Nxe5 26. Bxe5 f2 27. Rhh1 Rhe8 28. Bc7 Rd7 29. Rhe1 fxe1Q 30. Rxe1 Bf2 31. Rxe2 Rxe2+ 32. Kb3 Rxc7 33. bxc7 Kxc7 34. Kc4 b5+ 35. axb6+ Kxb6 36. Kd3 Re3+ 0-1

[Event "POL-ch Rapid U18"]
[Site "Bydgoszcz"]
[Date "2023.08.29"]
[Round "4"]
[White "Rabiej, Mateusz"]
[Black "Wolynski, Antoni"]
[Result "1-0"]
[WhiteElo "1452"]
[BlackElo "1053"]
[PlyCount "105"]
[EventDate "2023.08.28"]
[EventType "swiss"]
[EventRounds "11"]
[EventCountry "POL"]
[SourceTitle "EXT 2024"]
[Source "ChessBase"]
[SourceDate "2023.10.10"]
[SourceVersion "1"]
[SourceVersionDate "2023.10.10"]
[SourceQuality "1"]

1. d4 Nf6 2. c4 e6 3. Nc3 Bb4 4. Bf4 Bxc3+ 5. bxc3 0-0 6. e3 d5 7. Bd3 b6 8. Ne2 Nc6 9. 0-0 Na5 10. cxd5 Nxd5 11. Bg3 Nb7 12. c4 Nf6 13. Nc3 c5 14. Nb5 a6 15. Nc3 Kh8 16. Be4 Nxe4 17. Nxe4 f5 18. Nc3 Nd6 19. dxc5 bxc5 20. Qxd6 Qf6 21. Be5 Qf7 22. Qxc5 Bb7 23. Qc7 Qxc7 24. Bxc7 Rac8 25. Bd6 Rfd8 26. c5 e5 27. Na4 Bc6 28. Nb6 Rb8 29. Bxb8 Rxb8 30. f3 f4 31. e4 Bb5 32. Rfd1 h6 33. a4 Bc6 34. Rab1 g5 35. Nd5 Rd8 36. Ne7 Rxd1+ 37. Rxd1 Bxa4 38. c6 Bxc6 39. Nxc6 a5 40. Nxe5 a4 41. Ra1 g4 42. Rxa4 gxf3 43. gxf3 h5 44. Ra7 h4 45. Kf2 h3 46. Ke2 Kg8 47. Kd3 Kh8 48. Kc4 Kg8 49. Kd5 Kh8 50. Ke6 Kg8 51. Kf6 Kh8 52. Kg6 Kg8 53. Ra8# 1-0